| 000 | 00614nam a2200205 a 4500 | ||
|---|---|---|---|
| 001 | 62309 | ||
| 005 | 20180714064302.0 | ||
| 008 | 150323s2015 xxu r 000 0 spa d | ||
| 020 | _a978-1-4665-8737-3 | ||
| 082 | 0 |
_a631.5233 _bRAO |
|
| 100 | 1 |
_aRao, V. S. _eautor |
|
| 245 | 1 | 0 | _aTransgenic Herbicide Resistance in Plants. |
| 264 | 1 |
_aEstados Unidos de América : _bCRC Press ; _c2015 |
|
| 300 |
_axvii, 458 páginas ; _c24 cm. |
||
| 336 |
_atexto _2rdacontent |
||
| 337 |
_asin mediación _2rdamedia |
||
| 338 |
_avolumen _2rdacarrier |
||
| 650 | 0 |
_aHerbicidas _xcultivos |
|
| 650 | 0 | _aPlantas | |
| 999 |
_c62309 _d62309 |
||